000 00673nam a2200217Ia 4500
001 10789
003 GE_BSU
008 181216s||||||||xx |||||||||||||| ||und||
040 _cGE_BSU
080 _a821.353.1-1
100 _aქათამაძე,ჯემალ.
245 _aმშვიდი ზღვა.
245 _bლექსები.
245 _cრედ.ე.ფალიანი; მხატვ.ო.გორალევიჩი.
260 _aთბილისი.
260 _bსაბჭ.საქართველო.
260 _c1982.
300 _a100გვ;17სმ.
653 _aმშვიდი ზღვა.
942 _cBK
999 _c44037
_d44037